[Event "Let's Play Chess!"]
[Site "http://www.queenalice.com/game.php?id=1207717"]
[Date "2013.8.16"]
[Round "-"]
[White "CarlSchlechterFan"]
[Black "gisa2010"]
[Result "1-0"]
[WhiteElo "1100"]
[BlackElo "1326"]

1. e4 e5 2. Nf3 Bc5 3. Qe2 Nf6 4. c4 O-O 5. Nxe5 d6 6. Nf3 Ng4 7. Kd1 Nxf2+ 8.
Kc2 Nxh1 9. d4 Bb4 10. d5 b6 11. e5 dxe5 12. b3 Bf5+ 13. Kd1 Nd7 14. Bb2 Nc5 15.
Qxe5 Nf2+ 16. Ke2 Nfe4 17. Qxg7# 1-0

[Event "Let's Play Chess!"]
[Site "http://www.queenalice.com/game.php?id=1207718"]
[Date "2013.8.13"]
[Round "-"]
[White "jeancarlo1910"]
[Black "CarlSchlechterFan"]
[Result "1-0"]
[WhiteElo "1691"]
[BlackElo "1100"]

1. e4 e5 2. Nf3 Nc6 3. Bb5 a6 4. Bxc6 bxc6 5. Nxe5 f6 6. Qh5+ g6 7. Nxg6 hxg6 8.
Qxh8 Qe7 9. O-O Qf7 10. Qh4 d6 11. d4 Bh6 12. Bxh6 Qh7 13. Bg5 Qf7 14. Be3 Be6
15. d5 Bd7 16. Nc3 Rb8 17. b3 Kd8 18. f4 g5 19. fxg5 Qg6 20. gxf6 Nxf6 21. Rxf6
Qg7 22. Rf8# 1-0

[Event "Let's Play Chess!"]
[Site "http://www.queenalice.com/game.php?id=1208096"]
[Date "2013.8.14"]
[Round "-"]
[White "CarlSchlechterFan"]
[Black "jeancarlo1910"]
[Result "0-1"]
[WhiteElo "1100"]
[BlackElo "1741"]

1. e4 c5 2. Nc3 Nc6 3. Nf3 e5 4. d3 d6 5. b3 Bg4 6. h3 Bxf3 7. Be2 Bxe2 8. Nxe2
Nf6 9. Bb2 Be7 10. f4 Nd4 11. Ng3 exf4 12. Nf1 f3 13. gxf3 Nh5 14. Ne3 Bh4+ 15.
Kd2 Bg5 16. Qg1 Nxf3+ 17. Ke2 Nxg1+ 18. Rhxg1 Bxe3 19. Kxe3 Qh4 20. Bxg7 Nxg7
21. Kd2 Ne6 22. Rae1 Nd4 23. Re3 Qf2+ 24. Kc3 Qxc2# 0-1

[Event "OS INCLIVEIS"]
[Site "http://www.queenalice.com/game.php?id=1208170"]
[Date "2013.8.14"]
[Round "-"]
[White "CarlSchlechterFan"]
[Black "adelio"]
[Result "0-1"]
[WhiteElo "1100"]
[BlackElo "1719"]

1. e4 e5 2. Nf3 f6 3. Nc3 g6 4. Bd3 c6 5. b3 b5 6. a4 b4 7. Na2 a5 8. Bb2 d6 9.
Qe2 Ba6 10. c4 c5 11. h4 Ra7 12. O-O-O Nc6 13. h5 g5 14. g4 Nd4 15. Qe3 Nxb3+
16. Kb1 Nd4 17. h6 Nxh6 18. Rhg1 Bc8 19. Nh2 Rb7 20. f3 b3 21. Nc3 Bd7 22. Qf2
Rb4 23. Nd5 Rxa4 24. f4 Ra2 25. Nc3 Rxb2+ 26. Kxb2 a4 27. Rdf1 a3+ 28. Kxa3 Qa5+
29. Kb2 Nc2 30. Rc1 Qb4 31. Nf3 Qa3+ 32. Kb1 Qa1# 0-1

[Event "Let's Play Chess!"]
[Site "http://www.queenalice.com/game.php?id=1209275"]
[Date "2013.8.19"]
[Round "-"]
[White "CarlSchlechterFan"]
[Black "PatricioKM"]
[Result "0-1"]
[WhiteElo "1225"]
[BlackElo "1725"]

1. c4 e5 2. Nc3 Nf6 3. a3 d5 4. Qa4+ Bd7 5. Qb3 Bc6 6. g3 dxc4 7. Qc2 Bxh1 8.
Qa4+ Bc6 9. Qc2 Bc5 10. e3 O-O 11. Bxc4 a6 12. b4 Bd6 13. Bb2 Nbd7 14. Be2 Nb6
15. Nh3 Nfd5 16. f4 exf4 17. O-O-O fxe3 18. d4 Nxc3 19. Qf5 Nxd1 20. Bd3 g6 0-1

[Event "GIULINI II"]
[Site "http://www.queenalice.com/game.php?id=1216847"]
[Date "2013.9.14"]
[Round "-"]
[White "perucona"]
[Black "CarlSchlechterFan"]
[Result "0-1"]
[WhiteElo "1309"]
[BlackElo "1192"]

1. e4 e5 2. d4 Nc6 3. dxe5 Nxe5 4. f4 Nc6 5. Nc3 Nf6 6. f5 b6 7. Bg5 Be7 8. Bxf6
Bxf6 9. Nf3 O-O 10. Bb5 Nb4 11. O-O c6 12. Be2 d5 13. exd5 Qc7 14. a3 Na6 15.
Re1 Bxf5 16. Bxa6 Rad8 17. Bc4 b5 18. Be2 Qf4 19. dxc6 Rxd1 20. Raxd1 a6 21. b3
g6 22. c7 Bxc3 23. Rf1 Qe3+ 24. Kh1 Qxe2 25. Nh4 Bc8 26. b4 Bb7 27. Nf3 g5 28.
Nxg5 Qxg2# 0-1

[Event "GIULINI III"]
[Site "http://www.queenalice.com/game.php?id=1216848"]
[Date "2013.9.14"]
[Round "-"]
[White "perucona"]
[Black "CarlSchlechterFan"]
[Result "0-1"]
[WhiteElo "1257"]
[BlackElo "1224"]

1. e4 e5 2. d4 Nc6 3. dxe5 Nxe5 4. Nf3 d6 5. Nxe5 Nf6 6. Nc3 dxe5 7. Bg5 Be7 8.
Bxf6 Bxf6 9. Bb5+ c6 10. Be2 Qb6 11. O-O Qxb2 12. Na4 Qb4 13. c3 Qe7 14. Qd3 b5
15. Nb2 Ba6 16. Rfd1 O-O 17. Rd2 Rad8 18. Qe3 Bg5 19. Rxd8 Rxd8 20. Re1 Bxe3 21.
fxe3 Rd2 22. Nd3 Rxa2 23. Nc1 Rb2 24. Nd3 b4 25. cxb4 Qg5 26. Nf2 Qxe3 27. Rf1
Bxe2 28. Re1 Rxb4 29. g3 Rxe4 30. Kg2 Bf3+ 31. Kf1 Qxe1# 0-1

[Event "Let's Play Chess!"]
[Site "http://www.queenalice.com/game.php?id=1226175"]
[Date "2013.10.21"]
[Round "-"]
[White "ladyofknight"]
[Black "CarlSchlechterFan"]
[Result "1-0"]
[WhiteElo "1741"]
[BlackElo "1192"]

1. e4 e5 2. Nf3 Nc6 3. Bb5 Nce7 4. Nxe5 c6 5. Be2 f6 6. Nf3 g5 7. Nxg5 fxg5 8.
Bd3 Nf6 9. e5 Nfd5 10. Qh5+ Ng6 11. Bxg6+ Ke7 12. Qxg5+ Nf6 13. Qxf6# 1-0

[Event "SALUTAR VI"]
[Site "http://www.queenalice.com/game.php?id=1248850"]
[Date "2014.1.16"]
[Round "-"]
[White "perucona"]
[Black "CarlSchlechterFan"]
[Result "1-0"]
[WhiteElo "1431"]
[BlackElo "1197"]

1. e4 e5 2. d4 Nc6 3. dxe5 Nxe5 4. Nf3 Nc6 5. Nc3 Nf6 6. Bb5 Nb4 7. Bd2 c6 8.
Be2 h6 9. O-O Bd6 10. a3 Na6 11. Be3 g5 12. Nd2 O-O 13. Bxa6 bxa6 14. Re1 Be5
15. Re2 Ng4 16. h3 1-0

[Event "SALUTAR XIII"]
[Site "http://www.queenalice.com/game.php?id=1248863"]
[Date "2014.1.16"]
[Round "-"]
[White "perucona"]
[Black "CarlSchlechterFan"]
[Result "1-0"]
[WhiteElo "1454"]
[BlackElo "1166"]

1. e4 e5 2. d4 Nc6 3. dxe5 Bc5 4. Nf3 f6 5. exf6 gxf6 6. Be3 b6 7. Bxc5 bxc5 8.
Nc3 d6 9. Bb5 Ne7 10. Bxc6+ Nxc6 11. O-O Rg8 12. g3 Qd7 13. Re1 Bb7 14. Rc1 Nb4
15. a3 Qg7 16. Ne2 1-0

[Event "FIX VI"]
[Site "http://www.queenalice.com/game.php?id=1250149"]
[Date "2014.1.21"]
[Round "-"]
[White "perucona"]
[Black "CarlSchlechterFan"]
[Result "1-0"]
[WhiteElo "1458"]
[BlackElo "1161"]

1. e4 e5 2. d4 Nc6 3. d5 Nd4 4. c3 Qf6 5. cxd4 c5 6. dxc5 Bxc5 7. Be3 Bb4+ 8.
Bd2 Bc5 9. Be3 Bb4+ 10. Nd2 b6 11. Bb5 Ne7 12. Ne2 a6 13. Bd3 O-O 14. O-O Ng6
15. a3 1-0

[Event "GLOBAL XXII"]
[Site "http://www.queenalice.com/game.php?id=1250871"]
[Date "2014.1.24"]
[Round "-"]
[White "perucona"]
[Black "CarlSchlechterFan"]
[Result "1-0"]
[WhiteElo "1449"]
[BlackElo "1172"]

1. e4 e5 2. d4 Nc6 3. d5 Nd4 4. c3 Qf6 5. Qf3 Nxf3+ 6. gxf3 d6 7. Nd2 Nh6 8. Bg2
b6 9. Ne2 Ba6 10. Bf1 Qh4 11. b3 O-O-O 12. Rg1 Qxh2 13. Rg2 Qh4 14. Bb2 1-0

[Event "GLOBAL LX"]
[Site "http://www.queenalice.com/game.php?id=1250920"]
[Date "2014.1.24"]
[Round "-"]
[White "perucona"]
[Black "CarlSchlechterFan"]
[Result "1-0"]
[WhiteElo "1407"]
[BlackElo "1239"]

1. e4 e5 2. d4 Nc6 3. dxe5 Bc5 4. Nf3 d6 5. exd6 cxd6 6. Nc3 Qf6 7. Bg5 Qg6 8.
Bb5 Bd7 9. Bxc6 Bxc6 10. O-O h6 11. Be3 Bb4 12. Re1 O-O-O 13. e5 d5 14. Bd2 1-0

[Event "JOELHO II"]
[Site "http://www.queenalice.com/game.php?id=1251143"]
[Date "2014.1.25"]
[Round "-"]
[White "perucona"]
[Black "CarlSchlechterFan"]
[Result "1-0"]
[WhiteElo "1396"]
[BlackElo "1260"]

1. e4 e5 2. d4 Nc6 3. dxe5 Bc5 4. Nf3 d6 5. exd6 cxd6 6. Nc3 h6 7. Be3 Bb4 8.
Bb5 a6 9. Bxc6+ bxc6 10. O-O f6 11. Bd2 Ba5 12. Re1 c5 13. Re2 Ne7 14. Qe1 1-0

[Event "FRANCIS XI"]
[Site "http://www.queenalice.com/game.php?id=1255578"]
[Date "2014.2.11"]
[Round "-"]
[White "perucona"]
[Black "CarlSchlechterFan"]
[Result "1-0"]
[WhiteElo "1416"]
[BlackElo "1223"]

1. e4 e5 2. d4 f6 3. dxe5 fxe5 4. Nf3 Nc6 5. Nc3 Bb4 6. Bd2 Nf6 7. Bb5 Na5 8. a3
Bc5 9. Be3 b6 10. Bxc5 bxc5 11. Nd5 Nxe4 12. Qe2 1-0

[Event "FRANCIS XV"]
[Site "http://www.queenalice.com/game.php?id=1255582"]
[Date "2014.2.11"]
[Round "-"]
[White "perucona"]
[Black "CarlSchlechterFan"]
[Result "1-0"]
[WhiteElo "1444"]
[BlackElo "1179"]

1. e4 e5 2. d4 f6 3. dxe5 fxe5 4. Nf3 Nc6 5. Nc3 b6 6. Bg5 Be7 7. Bxe7 Ngxe7 8.
Bb5 Na5 9. O-O O-O 10. Re1 Nc4 11. Bxc4+ Kh8 12. Re2 1-0

[Event "FRANCIS XVIII"]
[Site "http://www.queenalice.com/game.php?id=1255585"]
[Date "2014.2.11"]
[Round "-"]
[White "perucona"]
[Black "CarlSchlechterFan"]
[Result "1-0"]
[WhiteElo "1438"]
[BlackElo "1188"]

1. e4 e5 2. d4 f6 3. dxe5 fxe5 4. Nf3 Nc6 5. Nc3 b6 6. Bg5 Be7 7. Bxe7 Ngxe7 8.
Bb5 Na5 9. O-O Nc4 10. Bxc4 d6 11. Bb5+ c6 12. Be2 1-0

[Event "FRANCIS XXXII"]
[Site "http://www.queenalice.com/game.php?id=1255600"]
[Date "2014.2.11"]
[Round "-"]
[White "perucona"]
[Black "CarlSchlechterFan"]
[Result "1-0"]
[WhiteElo "1424"]
[BlackElo "1209"]

1. e4 e5 2. d4 f6 3. dxe5 Nc6 4. Nf3 Bc5 5. Be3 Bb4+ 6. Bd2 Bc5 7. exf6 gxf6 8.
Nc3 Nge7 9. Bb5 Nb4 10. a3 c6 11. axb4 Bxb4 12. Be2 1-0